| 000 | 00477nam a22001337a 4500 | ||
|---|---|---|---|
| 008 | 241112b |||||||| |||| 00| 0 eng d | ||
| 020 | _a9789914999396 | ||
| 050 |
_aHF5381 _b.G33 |
||
| 100 | _aGacohi, Jane Njeri | ||
| 245 |
_aCareer planning and decision-making : _bA step- by - step guide for students and parents/ by _cJane Njeri Gacohi and foreword by Nancy W. Mungai |
||
| 260 |
_aNakuru, Kenya _bOracle House plublishers Ltd _c2022 |
||
| 300 | _ax, 113p. | ||
| 942 |
_2lcc _cBK |
||
| 999 |
_c20543 _d20542 |
||